| 000 | 00867nam a22002537i 4500 | ||
|---|---|---|---|
| 999 |
_c23460 _d23460 |
||
| 003 | AR-CdUCM | ||
| 008 | 260120b20212021 pe||||| |||| 00| 0 spa d | ||
| 020 | _a978-987-47642-5-6 | ||
| 040 |
_aMUNICIPALIDAD PROVINCIAL DEL CUSCO _cBIBLIOTECA MUNICIPAL DEL CUSCO |
||
| 041 | _hspa | ||
| 082 |
_aES / 700.2 / _bB42 |
||
| 100 |
_aBenaim, Victoria _952033 |
||
| 245 |
_aAtelier de arte : _bUn workbook para inspirarte en los artistas y explorar tu creatividad / |
||
| 260 |
_aArgentina : _bEditoras de Fera _c2021 |
||
| 300 |
_a97 páginas. : _c24x17 cm. |
||
| 505 | _aComo usar este libro -- Claude Monet -- Pablo Picasso -- Salvador Dalí | ||
| 650 |
_aJoan Miró _952034 |
||
| 650 |
_aMarta Marujín _952035 |
||
| 650 |
_aBanksy _952036 |
||
| 700 |
_aVillar, Magdalena _952037 |
||
| 856 | _fwww.fera.com.ar | ||
| 942 |
_2ddc _cLIBROS |
||
| 945 |
_apbjr _d20-01-2026 |
||